all the levels that were top 1 in Geometry Dash - Statistics

General Stats
  • This quiz has been taken 30 times
  • The average score is 24 of 42
Answer Stats
publisher Level Top 1 Duration % Correct
ryamu Acheron 1 year and 1 week
100%
iMist Amethyst 4 June 2025 to current
100%
OniLink Tidal Wave 1 year and 3 months
100%
Knobbelboy Bloodlust 1 year and 17 days
96%
Icedcave Slaughterhouse 7 months and 1 week
96%
Riot Bloodbath 1 year
91%
PockeWindfish Avernus 4 months and 2 days
87%
Sunix Sonic Wave (current) 6 months
87%
Cyclic Sonic Wave (original) 2 weeks
87%
Trick Firework 18 second
83%
Dolphy Tartarus 1 year and 5 months
83%
Bo The Golden 3 months and 2 weeks
83%
Bianox Zodiac 11 months
83%
BoldStep Erebus 3 months
78%
Roadbose ICE Carbon Diablo X 7 months
78%
Diamond Sakupen Circles 2 months and 10 days
78%
TrusTa Yatagarasu 6 months
78%
Exen Abyss of Darkness 1 months and 2 weeks
74%
M2CoL Demon park 1 week
74%
Viprin Artificial Ascent 3 weeks
65%
Ggb0y Cataclysm (old) 6 months
65%
TrueOmega Crimson Planet 1 day
57%
Viprin Digital Descent (unbuffed) 4 days
57%
Smokes Plasma Pulse Finale 1 month and 5 days
57%
TrusTa Sakupen Hell 2 months
52%
blackP2Sfull Silent Club 8 months
48%
Rabbitical Extreme Park 1 week
39%
GDTheTactiq Stalemate Redux 4 days
35%
Exenity Athanatos 3 weeks
30%
Tygrysek Phobos (unnerfed) 5 days
30%
DarkX Element 111 Rg 6 days
26%
TheRealZust Heaven and Hell 1 week
26%
Darnoc2 To The Grave 2 weeks
26%
RA7 BP Night 1 week
22%
superhexagon demon world 2 weeks
22%
Ozpectro Fexty 5 days
22%
Sohn0924 The Hell World (original) 12 days
22%
Sohn0924 The Hell Zone (original) 1 week
22%
MaJack0 Future Demoness (unnerfed) 2 weeks
17%
MaJack0 Stereo Demoness (old) 1 month and 1 week
17%
Sohn0924 The Hell Origin (original) 3 weeks
13%
Koopi Theory of Darkness 4 days
13%
No matching quizzes found
Score Distribution
Percent of People with Each Score
Percentile by Number Answered
Your Score History
You have not taken this quiz